| 000 | 01488cam a22002174a 4500 | ||
|---|---|---|---|
| 005 | 20250605163940.0 | ||
| 008 | 250528s ||||||||||||||||||||||||d | ||
| 035 | _a14989 | ||
| 020 | _a9607981146 | ||
| 040 |
_aGR-AtMCL _bgre _dGR-AtMCL _eAACR2 |
||
| 245 | 1 | _aΤο Πρώτο Βιβλίο της Πληροφορικής | |
| 250 | _a2η | ||
| 260 |
_bΑθήνα, _c2001 |
||
| 300 | _a272 | ||
| 520 | _aΤο βιβλίο αυτό γράφτηκε με στόχο να καλύψει απλά και σφαιρικά τα ερωτήματα όσων θέλουν να πάρουν μια πρώτη καλή γεύση από τον κόσμο της Πληροφορικής. Πρόλογος, Εισαγωγή, Μια Πρώτη Γνωριμία, Ιστορία των Υπολογιστών, Το Υπολογιστικό Σύστημα, Η Κεντρική Μονάδα, Βοηθητικές Μνήμες, Το Λογισμικό, Δεδομένα, Λειτουργικά Συστήματα, Λύσεις σε Πακέτο, Δίκτυα Υπολογιστών, Ειδικά Θέματα, Πληροφορική και Εκπαίδευση, Εξελίξεις στο Χώρο της Πληροφορικής, Κοινωνικές Επιπτώσεις της Πληροφορικής, Βιβλιογραφία, Ευρετήριο. | ||
| 700 | 1 |
_aΚαλαφούδης Στρ _9813 |
|
| 700 | 1 |
_aΚοίλιας Χρήστος _9799 |
|
| 942 | _cBK | ||
| 999 |
_c597 _d597 |
||